Текст томруулах:    
The American pageant (Бичлэгийн дугаар. 146174)
000 -УДИРДЛАГА
Удирдлага 00971nam a22003137a 4500
003 - ХЯНАЛТЫН ТОО ТОДОРХОЙЛОГЧ
Код MN-UlNUM
005 - БИЧИЛТ ХИЙСЭН ОГНОО
Тухайн бичилтийг бичсэн засварласан сүүлийн огноо 20260113120822.0
008 - ЕРӨНХИЙ МЭДЭЭЛЭЛ
Ерөнхий мэдээлэл 251230s1987 mauab||| |||| 001 0 eng |
020 ## - ISBN
ISBN 066910812x
040 ## - БИЧЛЭГ ҮҮСГЭГЧ БАЙГУУЛЛАГА
Бичлэг үүсгэгч номын сангийн код МУИС-ийн номын сан
084 ## - ББК АНГИЛАЛ
Нэмэлт тусгалт Бусад
ББК ангилал 68.4
Зохиогчийн гурван тэмдэгт B 16
Мэдлэгийн ялгаа 68 - Цэрэг
100 1# - ЗОХИОГЧ
Зохиогчийн нэр Bailey, Thomas Andrew,
Зохиогчийн огноо 1902-1983.
245 14 - ҮНДСЭН ГАРЧИГ
Номын нэр The American pageant
Бага гарчгийн мэдээ A history of the republic
Оролцогчдын тухай мэдээ Thomas A. Bailey, David M. Kennedy.
250 ## - ДАХИН ХЭВЛЭЛТ
Дахин гаралтын дугаар 8th ed.
260 ## - ГАРАЛТЫН МЭДЭЭ
Хэвлэгдсэн газар Lexington, Mass. :
Хэвлэлийн газар D.C. Heath,
Хэвлэгдсэн он 1987.
300 ## - МАТЕРИАЛЫН ТОДОРХОЙЛОЛТ
хуудасны тоо 2 v. (xviii, 949, xxxiv p.) :
Бусад тоон мэдээлэл ill. (some col.) ;
Хэмжээ 26 cm.
500 ## - Тайлбар
Дансны дугаар БС 4963
546 ## - ХЭЛНИЙ ТУХАЙ МЭДЭЭ
Хэл Англи хэл дээр,
653 ## - Түлхүүр үг
Түлхүүр үг history
653 ## - Түлхүүр үг
Түлхүүр үг united States
700 1# - ХАМ ЗОХИОГЧИД
Ба бус Kennedy, David M.
740 ## - НОМЫН ГАРЧИГ
Гарчиг New world Beginnings
740 ## - НОМЫН ГАРЧИГ
Гарчиг Completing the Thirteen Colonies
740 ## - НОМЫН ГАРЧИГ
Гарчиг The Duel for North America
740 ## - НОМЫН ГАРЧИГ
Гарчиг Colonial Society on the Eve of Revolution
942 ## - ЭЛЕМЕНТИЙН ТӨРӨЛ
Зүйлийн төрөл Ном